Mr. Richard. Mi experiencia en la guerra de Irak 2003-2006.

Uloženo v:
Podrobná bibliografie
Hlavní autor: Chaptini, Richard W. (autor)
Médium: Kniha
Vydáno: Santiago, Chile: Richard W. Chaptini, 2017.
Témata:
Tagy: Přidat tag
Žádné tagy, Buďte první, kdo vytvoří štítek k tomuto záznamu!

MARC

LEADER 00000nam a22000007a 4500
003 CL-VaPUC
005 20221004102324.0
008 220901b2017 ||||| |||| 00| 0 eng d
999 |c 438599  |d 438597 
020 |a 978-956-368-189-5 
040 |c Pontificia Universidad Católica de Valparaíso 
082 |2 22  |a 956.70443 CHA 2017  
100 1 |a Chaptini, Richard W.  |e autor  |9 876188 
245 |a Mr. Richard.  |b Mi experiencia en la guerra de Irak 2003-2006. 
260 |a Santiago, Chile:  |b Richard W. Chaptini,  |c 2017. 
300 |a 165 páginas. 
500 |a c.1-c.2. Donación Unidad Académica ILCL. Memo ILCL-08. 25/07/2022. 
583 |c 20220901  |k Catalogador Asistente 
650 0 |9 536930  |a Guerra de Irak  |x Relatos personales   |y 2003-2006 
650 0 |9 255504  |a Fuerzas Armadas estadounidenses   |y 2003-2006  |z Irak 
650 0 |9 521054  |a Medio Oriente  |x Guerras   |x Historia  
942 |2 ddc  |c BK 
952 |0 0  |1 0  |2 ddc  |4 0  |6 956_704430000000000_CHA_2017  |7 0  |8 A  |9 586562  |a BIBEDU  |b BIBEDU  |c GEN  |d 2022-09-01  |e Donación  |i 5654547  |o 956.70443 CHA 2017  |p 5654547  |r 2022-09-01  |t 1  |w 2022-09-01  |y BK  |k LIT 
952 |0 0  |1 0  |2 ddc  |4 0  |6 956_704430000000000_CHA_2017  |7 0  |8 A  |9 586563  |a BIBEDU  |b BIBEDU  |c GEN  |d 2022-09-01  |e Donación  |i 5654548  |o 956.70443 CHA 2017  |p 5654548  |r 2024-01-24  |t 2  |w 2022-09-01  |y BK  |k LIT